• 首页
  • 本馆介绍
  • 公告通知
  • 最新文献
  • 馆藏检索
  • 电子资源
  • 读者导购
  • 参考咨询
  • 我的图书馆
  • 登录
  • 详细信息显示
  • 放入我的书架
  • 预约/预借图书
  • 作者相关作品
  • 分类相关作品
  • 丛书相关作品
  • 出版社相关作品

书目信息

  • 表格格式
  • 工作单格式
  • 卡片格式
题名:
地图史话
    
 
作者: 朱玲玲 著
分册:  
出版信息: 北京   中国大百科全书出版社  2000
页数: 199页
开本: 19cm
丛书名: 中华文明史话
单 册:
中图分类: K90-09 , Z1
科图分类:
主题词: 地理学史--中国--史料 , 丛书
电子资源:
ISBN: 7-5000-6343-1
000 00823oam2 2200265 450
001 1555563912
005 20151111115125.06
010    @a7-5000-6343-1@dCNY10.00
100    @a20001010d2000 em y0chiy0110 ea
101 0  @achi
102    @aCN@b110000
105    @ab z 000yd
200 1  @a地图史话@9di tu shi hua@f朱玲玲[著]
210    @a北京@c中国大百科全书出版社@d2000
215    @a199页@c地图@d19cm
225 2  @a中华文明史话
330    @a本书以时间为序,突出了各朝代绘制地图的特色,重点阐述了对世界地图学有影响的《地形图》、《驻军图》、《城邑图》、《皇舆览图》、《西域图志》等。
461  0 @12001 @a中华文明史话
606 0  @a地理学史@y中国@x史料
606 0  @a丛书
690    @aK90-09@v5
690    @aZ1@v4
701  0 @a朱玲玲@9zhu ling ling@4著
801  0 @aCN@bTSSF@c20150115
905    @aZUCC@dZ1@eJY27:64
    
    地图史话/朱玲玲[著].-北京:中国大百科全书出版社,2000
    199页:地图;19cm.-(中华文明史话)
    
    
    ISBN 7-5000-6343-1:CNY10.00
    本书以时间为序,突出了各朝代绘制地图的特色,重点阐述了对世界地图学有影响的《地形图》、《驻军图》、《城邑图》、《皇舆览图》、《西域图志》等。
●
相关链接 在E读中查询图书 在五车中查询图书 在当当中查询图书 在豆瓣中查询图书


正题名:地图史话     索取号:Z1/JY27:64         预约/预借

序号 登录号 条形码 馆藏地/架位号 状态 备注
1 7835662   278356627   学院路分馆/ [索取号:Z1/JY27:64] 在馆    
2 7835663   278356636   学院路分馆/ [索取号:Z1/JY27:64] 在馆    
3 7835664   278356645   学院路分馆/ [索取号:Z1/JY27:64] 在馆    
4 7835665   278356654   学院路分馆/ [索取号:Z1/JY27:64] 在馆    
唐山师范学院图书馆 欢迎您!
大连网信软件有限公司© 版权所有